Statistics for British players who played in PL 2016-17 who have over 50 caps

Click here to take the quiz!

General Stats

  • This quiz has been taken 13 times
    (6 since last reset)
  • The average score is 7 of 16

Answer Stats

Caps ClubAnswer% Correct
53 ChelseaCahill
100%
119 Man UtdRooney
100%
86 ChelseaTerry
100%
64 LiverpoolMilner
75%
78 WBAFletcher
75%
56 SunderlandDefoe
75%
53 EvertonBarry
50%
56 WBABrunt
50%
70 WBAMcauley
50%
93 SouthamptonDavis
25%
54 WBAEvans
25%
51 West HamCollins
0%
54 StokeJohnson
0%
67 C PalaceHennessey
0%
72 C PalaceLedley
0%
70 EvertonWilliams
0%

Score Distribution

Percentile by Number Answered

Percent of People with Each Score

Your Score History

You have not taken this quiz since the last reset